000 00627nam a2200169 a 4500
001 000042917
005 20201002040510.0
008 140212s2013 dr 000 p spa d
040 _aDO-SdBNP
_bspa
_cBNPHU
082 _axxx
_bxxx
100 1 _aCabral de la Rosa, Hipólito,
_d1948-
_970379
245 1 0 _aClaveles para una reyna /
_cHipólito Cabral de la Rosa ; prólogo Remedios Mendez de Cabral.
260 _aSanto Domingo :
_bImprenta Molinaga,
_c2013.
300 _a70 p. ;
_c14 cm.
500 _aIncluye datos biográficos del autor en la solapa de la contracubierta.
700 1 2 _aMendez de Cabral, Remedios
_epról.
_970380
999 _c42406
_d42406